00526nam a22001697a 450000500170000001000150001702000260003203500140005803700130007208200130008524500870009826000450018527000610023030000280029170000230031970000140034220220620103519.0 aENG-133262 a9780198072461c695.00 aEN-116794 bDBAD/PUB a004.0954 aHomi Bhabha and the Computer Revolution/cEdited by R.K. Shuamasundar and M.A. Pai aNew DelhibOxford University Pressc2011 aYMCA Library Building, Jai Singh RoadbNew Delhie110001 a256p.bindexc23cm(hbk) aShyamasundar, R.K. aPai, M.A.